[Event "RUS-ch Rapid Men 2018"]
[Site "Sochi"]
[Date "2018.10.06"]
[Round "11"]
[White "Bocharov, Ivan"]
[Black "Dubov, Daniil"]
[Result "1/2-1/2"]
[WhiteElo "2563"]
[BlackElo "2703"]
[Annotator "TA"]
[PlyCount "45"]
[EventDate "2018.10.05"]
[EventType "swiss"]
[EventCountry "RUS"]
[SourceTitle "playchess.com"]
[Source "ChessBase"]
[SourceQuality "1"]

{[%evp 28,45,27,0,20,24,30,28,29,29,27,30,27,23,58,0,17,0,41,0]} 1. e4 c5 2. Nf3 Nc6 3. d4 cxd4 4. Nxd4 Nf6 5. Nc3 e5 6. Ndb5 d6 7. Bg5 a6 8. Na3 b5 9. Nd5 Be7 10. Bxf6 Bxf6 11. c3 Rb8 12. Nc2 Bg5 13. Be2 O-O 14. O-O Kh8 {B33: Sicilian: Pelikan and Sveshnikov Variations} 15. Qd3 {LiveBook: 3 Games} Be6 16. Rfd1 f5 {[#] aiming for ...fxe4.White has an edge.} 17. Bf3 f4 $146 ({Predecessor:} 17... b4 18. Qxa6 bxc3 19. bxc3 Bxd5 20. Rxd5 Rb6 21. Qa3 Ne7 22. Rd3 fxe4 23. Bxe4 {1-0 (34) Tiviakov,S (2614)-Tissir,M (2368) Cairo 2002}) 18. Ndb4 Nxb4 19. Nxb4 {Nc6 is the strong threat.} Rb6 $1 20. Nd5 Rb7 21. Nb4 Rb6 $1 22. Nd5 Rb7 23. Nb4 1/2-1/2

[Event "RUS-ch Rapid Men 2018"]
[Site "Sochi"]
[Date "2018.10.06"]
[Round "11"]
[White "Panarin, Mikhail"]
[Black "Kirillov, Dmitry"]
[Result "1-0"]
[WhiteElo "2562"]
[BlackElo "2267"]
[Annotator "ChessBase"]
[PlyCount "107"]
[EventDate "2018.10.05"]
[EventType "swiss"]
[EventCountry "RUS"]
[SourceTitle "playchess.com"]
[Source "ChessBase"]
[SourceQuality "1"]
[TimeControl "900+10"]

1. e4 {[%emt 0:00:00]} c5 {[%emt 0:00:00]} 2. Nf3 {[%emt 0:00:00]} e6 {[%emt 0:00:00]} 3. d4 {[%emt 0:00:00]} cxd4 {[%emt 0:00:00]} 4. Nxd4 {[%emt 0:00:00]} Nf6 {[%emt 0:00:00]} 5. Nc3 {[%emt 0:00:00]} d6 {[%emt 0:00:00]} 6. g4 {[%emt 0:00:20]} a6 {[%emt 0:00:00]} 7. g5 {[%emt 0:00:04]} Nfd7 {[%emt 0:00:00]} 8. Be3 {[%emt 0:00:13]} Qc7 {[%emt 0:00:02]} 9. h4 {[%emt 0:00:18]} b5 {[%emt 0:00:05]} 10. a3 {[%emt 0:00:02]} Bb7 {[%emt 0:00:00]} 11. h5 {[%emt 0:00:22]} Nc6 {[%emt 0:00:09]} 12. Rh3 {[%emt 0:01:51]} Nde5 {[%emt 0:00:10]} 13. f4 {[%emt 0:02:31]} Nc4 {[%emt 0:00:11]} 14. Bxc4 {[%emt 0:00:03]} bxc4 {[%emt 0:00:00]} 15. Qe2 {[%emt 0:00:33]} Nxd4 {[%emt 0:02:47]} 16. Bxd4 {[%emt 0:00:02]} h6 {[%emt 0:01:23]} 17. O-O-O {[%emt 0:01:14]} Rb8 {[%emt 0:04:36]} 18. Rg3 {[%emt 0:03:42]} e5 {[%emt 0:03:38]} 19. Nd5 {[%emt 0:00:02]} Bxd5 {[%emt 0:01:06]} 20. exd5 {[%emt 0:00:02]} f6 {[%emt 0:00:11]} 21. gxf6 {[%emt 0:00:03]} gxf6 {[%emt 0:00:02]} 22. Bc3 {[%emt 0:00:09]} Rh7 {[%emt 0:01:17]} 23. Rdg1 {[%emt 0:00:26]} Rf7 {[%emt 0:00:54]} 24. Rg8 {[%emt 0:01:03]} Qc5 {[%emt 0:00:21]} 25. fxe5 {[%emt 0:02:58]} fxe5 {[%emt 0:00:09]} 26. Bxe5 {[%emt 0:00:01]} Kd8 {[%emt 0:00:37]} 27. R1g7 {[%emt 0:02:10]} Rbb7 {[%emt 0:00:32]} 28. Rxf7 {[%emt 0:01:07]} Rxf7 {[%emt 0:00:02]} 29. Bc3 {[%emt 0:00:13]} Qxd5 {[%emt 0:00:04]} 30. Kb1 {[%emt 0:00:04]} Rf1+ {[%emt 0:01:03]} 31. Qxf1 {[%emt 0:00:04]} Qxg8 {[%emt 0:00:02]} 32. Qf5 {[%emt 0:00:07]} Be7 {[%emt 0:00:30]} 33. Qa5+ {[%emt 0:00:01]} Kd7 {[%emt 0:00:12]} 34. Qa4+ {[%emt 0:00:01]} Kc7 {[%emt 0:00:24]} 35. Ba5+ {[%emt 0:00:07]} Kb8 {[%emt 0:00:12]} 36. Qc6 {[%emt 0:00:10]} Qc8 {[%emt 0:00:06]} 37. Qd5 {[%emt 0:00:14]} Qc5 {[%emt 0:00:09]} 38. Qg8+ {[%emt 0:00:18]} Kb7 {[%emt 0:00:13]} 39. Bb4 {[%emt 0:00:02]} Qxh5 {[%emt 0:00:07]} 40. Qxc4 {[%emt 0:00:17]} Qh1+ {[%emt 0:00:09]} 41. Ka2 {[%emt 0:00:03]} Qc6 {[%emt 0:00:04]} 42. Qe6 {[%emt 0:00:12]} Qc7 {[%emt 0:00:08]} 43. Kb1 {[%emt 0:00:13]} Ka7 {[%emt 0:00:19]} 44. Qxh6 {[%emt 0:00:05]} Kb7 {[%emt 0:00:04]} 45. Qe6 {[%emt 0:00:02]} Ka7 46. Bc3 {[%emt 0:00:02]} Kb7 {[%emt 0:00:07]} 47. Bd4 {[%emt 0:00:02]} Kb8 {[%emt 0:00:21]} 48. c4 {[%emt 0:00:12]} Qb7 {[%emt 0:00:07]} 49. Ka2 {[%emt 0:00:16]} a5 {[%emt 0:00:02]} 50. Qg8+ {[%emt 0:00:07]} Qc8 {[%emt 0:00:00]} 51. Qd5 {[%emt 0:00:07]} Qa6 {[%emt 0:00:20]} 52. Qg8+ {[%emt 0:00:20]} Qc8 {[%emt 0:00:01]} 53. Qf7 {[%emt 0:00:02]} Qb7 {[%emt 0:00:04]} 54. Qe8+ {[%emt 0:00:04]} 1-0

[Event "RUS-ch Rapid Men 2018"]
[Site "Sochi"]
[Date "2018.10.06"]
[Round "11"]
[White "Savchenko, Boris"]
[Black "Oparin, Grigoriy"]
[Result "1/2-1/2"]
[WhiteElo "2562"]
[BlackElo "2624"]
[Annotator "TA"]
[PlyCount "121"]
[EventDate "2018.10.05"]
[EventType "swiss"]
[EventCountry "RUS"]
[SourceTitle "playchess.com"]
[Source "ChessBase"]
[SourceQuality "1"]

{[%evp 14,121,38,26,34,29,47,34,24,24,34,28,20,11,9,-10,57,62,68,61,84,38,128,116,126,112,126,122,129,117,160,170,178,136,145,134,132,145,126,135,140,131,164,166,168,156,194,177,187,125,124,128,147,0,6,0,138,109,108,87,134,124,106,107,93,9,133,133,133,110,128,73,75,52,50,53,63,37,42,37,39,7,10,0,0,0,39,0,0,0,0,0,0,0,0,-12,0,0,0,-85,0,0,0,-87,0,0,0,0,0,-52]} 1. e4 c6 2. d4 d5 3. Nc3 dxe4 4. Nxe4 Nf6 5. Nxf6+ exf6 6. c3 Bd6 7. Qc2 O-O 8. Bd3 Re8+ {B15: Caro-Kann: 3 Nc3: 3...g6 and 3...dxe4 4 Nxe4 Nf6 5 Nxf6+ exf6} 9. Ne2 {[%cal Bg1e2,Be2c3,Bc3e4,Be4d6][%mdl 32]} h5 10. Be3 Nd7 {White is slightly better.} 11. O-O-O Nf8 12. c4 Be6 13. Nc3 $146 ({Predecessor:} 13. Kb1 Rc8 14. Qd2 a5 15. c5 Bc7 16. Nc3 {0-1 (45) Tahbaz,A (2434)-Mareco,S (2645) Sharjah 2018}) 13... Bb4 14. Ne4 Rc8 (14... b5 $11) 15. c5 $36 {[%mdl 2048] White has the initiative.} Bxa2 16. Nd6 $1 {[%cal Rd6e8]} Be6 17. Bc4 Qa5 (17... Qe7 $14) 18. Kb1 $16 ({Much weaker is} 18. Nxe8 $6 Rxe8 19. Kb1 Bg4 $11) (18. Nxc8 $6 Rxc8 19. Kb1 g6 $11) 18... Rb8 19. Nxe8 Rxe8 20. Bxe6 Nxe6 21. d5 $1 {[%cal Rd5e6]} cxd5 22. Rxd5 b6 23. Rhd1 bxc5 24. Rxh5 g6 25. Rhd5 Rb8 26. Qb3 Qc7 27. Rd7 Qe5 {Threatening ...Bc3.} 28. Qd5 Bc3 29. Qxe5 fxe5 {[#]} 30. Kc2 $1 ({Not} 30. Rxa7 Rxb2+ 31. Kc1 Re2 $14) 30... Bd4 {[#]} 31. b3 ({Inferior is} 31. Rxa7 Rxb2+ 32. Kc1 Re2 $14) (31. Bxd4 $1 $18 cxd4 32. Rxa7) 31... a5 32. Rb1 Rc8 33. Rd5 (33. Ra7 $16) 33... Nc7 $1 $11 {[%cal Rc7d5]} 34. Rd7 (34. Bxd4 $11 Nxd5 35. Bxe5) 34... Ne6 $16 35. Kd2 Rb8 36. Ra7 Rb5 37. Kc2 Kg7 38. h4 c4 39. Ra8 ({Better is} 39. bxc4 $16 Rxb1 40. Bxd4) 39... cxb3+ (39... Nc7 $1 $11 {keeps the balance.} 40. Rc8 Bxe3 41. fxe3 Nd5) 40. Rxb3 Rc5+ 41. Kd2 Bxe3+ 42. Kxe3 {[%mdl 4096] Endgame KRR-KRN} (42. fxe3 $142 {Black must now prevent Ra7.} Rc4 43. Rxa5) 42... Nd4 43. Rb7 Nf5+ 44. Kd2 Nxh4 45. g3 Nf3+ 46. Kd3 {[%mdl 1024] White has compensation.} Ng5 $1 47. Raa7 {f4 is the strong threat.} e4+ 48. Kd2 Rf5 49. Ke1 Nh3 50. g4 Rxf2 51. Rb3 Rh2 52. Rxa5 Nf2 53. g5 Nd3+ 54. Kf1 Rf2+ 55. Kg1 {Hoping for Rxd3!} Rf3 56. Kh2 (56. Rb7 $11) 56... Rf2+ (56... Rf5 $17 57. Rxf5 gxf5) 57. Kg3 {Strongly threatening Rxd3!} Rf3+ (57... Rf1 $11) 58. Kh2 $17 e3 ({Black should try} 58... Rf5 $17 59. Rxf5 gxf5) 59. Rxd3 $11 {The position is equal.} e2 60. Rxf3 {White threatens Ra7 and mate.} e1=Q 61. Rfa3 {Precision: White = 53%, Black = 55%.} ({White should play} 61. Ra4 $11) 1/2-1/2

[Event "RUS-ch Rapid Men 2018"]
[Site "Sochi"]
[Date "2018.10.06"]
[Round "11"]
[White "Bocharov, Dmitry"]
[Black "Artemiev, Vladislav"]
[Result "1/2-1/2"]
[WhiteElo "2557"]
[BlackElo "2706"]
[Annotator "TA"]
[PlyCount "219"]
[EventDate "2018.10.05"]
[EventType "swiss"]
[EventCountry "RUS"]
[SourceTitle "playchess.com"]
[Source "ChessBase"]
[SourceQuality "1"]

{[%evp 9,219,49,43,33,51,25,34,0,0,0,0,0,13,0,0,0,0,0,0,-8,0,0,0,-33,-36,-28,-9,-22,-33,-26,0,-6,0,-3,0,-12,-6,-22,-22,-9,-10,-12,-10,-28,-8,-10,-14,-14,-6,-89,-90,-125,-125,-125,-75,-102,-67,-75,-66,-74,-67,-89,-67,-101,-82,-82,-67,-82,-82,-118,-75,-75,-81,-89,-82,-89,-89,-89,-89,-89,-89,-89,-82,-82,-82,-82,-82,-82,-82,-82,-73,-89,-89,-89,-89,-89,-82,-89,-89,-89,-89,-89,-82,-89,-82,-82,-82,-82,0,-91,-82,-89,-89,-89,-89,-89,-61,-89,-8,-8,0,-8,0,0,0,0,0,0,0,0,0,0,0,0,-12,-52,-45,-89,-79,-89,-60,-89,-60,-91,-91,-91,-91,-91,-91,-91,-91,-91,-91,-91,-91,-91,-112,-112,-91,-91,-91,-91,-91,-91,-91,-91,-59,-91,0,-91,0,-91,0,0,0,-91,0,0,0,-91,0,-91,0,-91,-91,-91,-91,-91,-91,-91,-91,-91,-91,-29971,-29973,-29972,-29973,-29973,-91,-91,0,-91,-91,-91,0,0,0,-91,0,-29971,0,0]} 1. Nf3 {Navara,D} d5 2. d4 Bf5 3. c4 e6 4. Nc3 Nf6 5. Nh4 Bb4 {LiveBook: 4 Games} 6. Nxf5 {D06: Queen's Gambit: Symmetrical and Baltic Defences} exf5 7. e3 O-O 8. Bd3 {White is slightly better.} c5 9. O-O dxc4 10. Bxc4 Nc6 {[%cal Rc5d4]} 11. Ne2 $146 ({Predecessor:} 11. a3 Ba5 12. dxc5 Bxc3 13. bxc3 {0-1 (56) Huzman,A (2557)-Svidler,P (2748) Caleta 2017 CBM 177 [Navara,D]}) 11... cxd4 12. Nxd4 Nxd4 13. exd4 Rc8 14. Bb3 Bd6 15. Qf3 Qd7 16. Bf4 Bxf4 17. Qxf4 Rfe8 18. Rac1 g6 19. h3 Kg7 20. Rxc8 Rxc8 21. Rd1 Ne4 22. Qe5+ Kg8 23. Qf4 a5 24. f3 Nd6 25. a4 b5 26. Re1 bxa4 27. Bxa4 Qxa4 28. Qxd6 $11 {[%mdl 4096] Endgame KQR-KQR} Qb5 29. Qe5 (29. Re5 $11 Qb8 30. Qxb8 Rxb8 31. Rxa5) 29... Qxb2 $17 30. Qxa5 Qxd4+ 31. Kh1 Qf2 32. Qe5 h5 33. Rb1 Qa7 34. Rd1 Qb6 35. Qd4 Qb3 36. Qd5 Qe3 37. Qd4 Qg5 38. Qd7 Ra8 39. Re1 Qf6 (39... Kg7 {with more complications.} 40. Qd5 Ra6 41. Rd1 h4 42. Kh2 Qf6) 40. Re8+ Rxe8 41. Qxe8+ {KQ-KQ} Kg7 42. Qe1 g5 43. Qd1 Kg6 44. Qb1 Kh6 45. Qc1 Qd4 46. Qc6+ Kg7 47. Qc1 Kg6 48. Qc6+ Qf6 49. Qc8 Kg7 50. Qc4 Qa1+ 51. Kh2 Qe5+ 52. Kh1 Kf6 53. Qc6+ Qe6 54. Qc3+ Kg6 $1 55. Qc2 Qd5 56. Kh2 Kf6 57. Qc8 Qe5+ 58. Kh1 Kg7 (58... Kg6 $17 59. Qg8+ Qg7) 59. Qd7 (59. Qc4 $11) 59... Qe6 60. Qd4+ f6 61. Qd1 Kg6 62. Qb1 Qd5 63. Qc2 Kf7 (63... h4 $17 64. Kg1 Qd7) 64. Qc7+ $11 Ke6 65. Qc8+ Ke5 66. Qc7+ Kd4 67. Qb6+ Ke5 68. Qc7+ Qd6 69. Qc3+ Ke6 70. Qc8+ Qd7 71. Qc4+ Ke7 72. Qc5+ Kf7 73. Qc4+ Kg7 74. Qe2 Qc7 75. Qd1 Qe7 76. Qb1 g4 77. hxg4 fxg4 78. fxg4 hxg4 79. Qf5 Qe1+ 80. Kh2 Qh4+ $1 81. Kg1 Kh6 (81... Qe1+ $2 82. Kh2 $17) 82. Qc8 Qe1+ 83. Kh2 Kg5 84. Qg8+ Kf4 $1 85. Qc4+ Kf5 86. Qc2+ Qe4 87. Qc8+ Kg5 88. Qg8+ Kf4 (88... Qg6 $17 89. Qd5+ f5) 89. Qb3 (89. g3+ $11 Ke5 90. Qe8+ Kd4 91. Qa4+ Kd3 92. Qb3+ Kd2 93. Qb2+ Ke3 94. Qxf6) 89... Qe3 (89... Kf5 $17 {aiming for ...Qf4+.} 90. g3 Qe2+ 91. Kg1 Qe1+ 92. Kg2 Qe5) 90. Qc4+ (90. g3+ $11 {keeps the balance.} Kf3 91. Qd5+ Kf2 92. Qf5+ Qf3 93. Qc5+ Ke2 94. Qc4+ Kf2 95. Qd4+ Qe3 96. Qxf6+ Ke2 97. Qa6+ Qd3 98. Qe6+ Kf3 99. Qc6+ Qe4 100. Qc3+ Kf2 101. Qf6+ Ke2 102. Qc3) 90... Kg5 (90... Kf5 $17 {Hoping for ...Qf4+.} 91. g3 Qd2+ 92. Kg1 Qe3+ 93. Kh2 Qd2+ 94. Kh1 Qh6+ 95. Kg1 Qe3+ 96. Kh2) 91. Qg8+ Kf4 ({Black should try} 91... Kf5 $11) 92. Qc4+ $17 Qe4 (92... Kf5 $17 {White must now prevent ...Qf4+.} 93. g3 Qf2+ 94. Kh1 Qe1+ 95. Kh2 Qe4 96. Qc8+ Qe6 97. Qc2+ Qe4 98. Qc8+ Qe6 99. Qc2+ Qe4 100. Qc8+) 93. Qc1+ $11 Kf5 (93... Ke5 $11 94. Kg3 f5) 94. Qc8+ $1 $17 Kg5 95. Qg8+ Kf4 96. Qb3 $1 f5 97. g3+ Ke5 98. Qc3+ Kd5 99. Qa5+ Kc4 {Strongly threatening ...Qe2+.} 100. Qa4+ Kc3 101. Qa3+ $2 {[%mdl 8192]} (101. Qa6 $17) 101... Kd2 $1 102. Qa5+ Ke2 $1 {[%cal Re2f1]} 103. Qa2+ Kd1 $2 (103... Ke3 $1 104. Qb2 Qd4 105. Qb3+ Qd3 106. Qb8 Qd4 107. Qc8 Qd2+ 108. Kh1 Qe1+ 109. Kh2 Qe2+ 110. Kg1 Kf3 111. Qc6+ Qe4 112. Qc3+ Qe3+ 113. Qxe3+ Kxe3 114. Kf1 Kf3 115. Kg1 Kxg3 116. Kf1 Kf3 117. Ke1 Ke3 118. Kf1 f4 119. Kg1 f3 120. Kh2 f2 121. Kg2 Ke2 122. Kg3 f1=Q 123. Kh4 Qf6+ 124. Kh5 Ke3 125. Kxg4 Qg6+ 126. Kh4 Kf4 127. Kh3 Qg3#) 104. Qa1+ Kd2 105. Qa5+ Kc2 {And now ...Qe2+ would win.} 106. Qa2+ {[#]} Kd1 ({Better is} 106... Kd3 $1 $17 {( -> ...Qe2+)} 107. Qa3+ Kd2 108. Qa5+) 107. Qa1+ $11 Kd2 (107... Kc2 $11 108. Qa7 Kd2 109. Qa5+) 108. Qa5+ $17 Ke2 $2 {[%mdl 8192]} (108... Ke3 $17 109. Qc3+ Qd3 110. Qe5+ Qe4 111. Qc3+ Qd3 112. Qe5+ Kf3 113. Qf4+ Ke2 114. Qe5+ Kf3 115. Qf4+ Ke2 116. Qe5+ Kf3) 109. Qa2+ $1 {[#]} Kf1 $2 (109... Ke3 $1 {mates} 110. Qb2 Qd4 111. Qb3+ Qd3 112. Qb6+ Kf3 113. Qc6+ Qe4 114. Qc3+ Qe3 115. Qc6+ Kf2 116. Qg2+ Ke1 117. Kh1 Qe4 118. Kh2 Qxg2+ 119. Kxg2 Ke2 120. Kg1 Kf3 121. Kf1 Kxg3 122. Ke1 f4 123. Kd1 f3 124. Kd2 Kh3 125. Ke3 Kg2 126. Kd3 Kh3 127. Ke3 Kg2 128. Kd3 Kh3 129. Kd2 Kg3 130. Kd1 Kh2 131. Kd2 f2 132. Ke2 g3 133. Kf1 g2+ 134. Kxf2 g1=Q+ 135. Ke2 Qd4 136. Kf1 Kg3 137. Ke2 Kg2 138. Ke1 Kf3 139. Kf1 Qf2#) 110. Qf2+ $1 {Precision: White = 54%, Black = 45%.} 1/2-1/2

[Event "RUS-ch Rapid Men 2018"]
[Site "Sochi"]
[Date "2018.10.06"]
[Round "11"]
[White "Smagin, Sergey"]
[Black "Kryakvin, Dmitry"]
[Result "1/2-1/2"]
[WhiteElo "2551"]
[BlackElo "2595"]
[Annotator "TA"]
[PlyCount "18"]
[EventDate "2018.10.05"]
[EventType "swiss"]
[EventCountry "RUS"]
[SourceTitle "playchess.com"]
[Source "ChessBase"]
[SourceQuality "1"]

{[%evp 10,18,40,31,33,43,38,29,48,37,41]} 1. e4 c5 2. Nf3 d6 3. c3 Nf6 4. Be2 Bd7 5. d3 Bc6 (5... g6 6. O-O Bg7 7. Be3 O-O 8. Nbd2 Nc6 9. h3 e5 10. a3 b6 11. b4 Nh5 12. Re1 Nf4 13. Bf1 Ne6 {0-1 (45) Aronian,L (2764)-Vachier Lagrave,M (2789) Stavanger 2018}) 6. O-O {LiveBook: 35 Games. B50: Sicilian: 2...d6, Miscellaneous} g6 7. e5 dxe5 8. Nxe5 Bg7 $146 ({Predecessor:} 8... Bd5 9. c4 Bc6 10. Be3 e6 11. Nc3 Bd6 12. d4 Qc7 13. Nxc6 bxc6 {1-0 (57) Klein,D (2501)-Skuhala,L (2059) chess.com INT 2018}) 9. Nxc6 Nxc6 1/2-1/2

[Event "RUS-ch Rapid Men 2018"]
[Site "Sochi"]
[Date "2018.10.06"]
[Round "11"]
[White "Iljiushenok, Ilia"]
[Black "Gogolev, Artem"]
[Result "1/2-1/2"]
[WhiteElo "2539"]
[BlackElo "2389"]
[Annotator "TA"]
[PlyCount "198"]
[EventDate "2018.10.05"]
[EventType "swiss"]
[EventCountry "RUS"]
[SourceTitle "playchess.com"]
[Source "ChessBase"]
[SourceQuality "1"]

{[%evp 16,198,29,31,50,39,55,9,34,4,12,18,25,22,32,17,41,-24,0,-17,-17,-4,-12,-19,-35,-8,77,77,92,83,83,83,109,109,127,39,68,70,95,95,116,116,117,95,95,95,98,98,103,95,106,95,106,95,95,95,106,95,155,155,155,158,157,152,208,208,208,208,208,167,208,208,321,208,321,321,314,142,561,208,550,375,344,315,282,142,142,142,142,0,522,142,142,142,139,0,179,139,139,0,550,208,199,139,522,481,606,188,152,126,126,126,126,106,106,98,126,126,126,126,126,0,128,126,128,126,128,129,127,140,136,139,134,0,129,112,125,112,114,0,118,109,109,116,121,102,102,102,107,89,132,22,22,0,0,0,0,0,0,0,0,0,0,0,0,0,0,0,0,0,0,0,0,0,0,0,0,0,0,0,0,0,0,0,0]} 1. e4 c6 2. d4 d5 3. exd5 cxd5 4. Bd3 Nc6 5. c3 Nf6 6. h3 g6 7. Nf3 Bg7 8. O-O O-O 9. Bf4 Ne8 {B13: Caro-Kann: Exchange Variation and Panov-Botvinnik Attack} 10. Re1 Nd6 11. Ne5 $146 ({Predecessor:} 11. Nbd2 f6 12. Bh2 e6 13. c4 dxc4 14. Bxc4 Nxc4 15. Nxc4 Qd5 16. Ne3 Qb5 17. a4 {1-0 (54) Shyam,S (2535)-Nihal,S (2454) Voronezh 2017}) 11... Bf5 12. Bf1 Re8 13. g4 {And now Nxc6 would win.} Bxb1 14. Rxb1 e6 15. Nd3 b5 16. b4 (16. a3 $14) 16... a5 $11 17. a4 (17. Qf3 {is interesting.} axb4 18. Nxb4 Nxb4 19. Rxb4 Ra3 20. Bxb5 Nxb5 21. Rxb5 Bxd4 22. Rb8) 17... axb4 18. Bxd6 Qxd6 19. axb5 bxc3 20. bxc6 Qxc6 (20... Bxd4 $11 21. Qf3 Qxc6) 21. Nb4 $1 $16 {[%cal Rb4c6]} Qd6 22. Qd3 Rec8 23. Nc2 Ra4 24. Rb3 Qf4 25. Rd1 (25. Qe3 $16 Qxe3 26. fxe3 (26. Rxe3 Ra2 $14)) 25... Bxd4 26. Nxd4 Rxd4 27. Rxc3 (27. Qxd4 $2 {too greedy.} Qxd4 28. Rxd4 c2 $19) 27... Rdc4 28. Rxc4 Rxc4 29. Qd2 (29. Qb3 {feels hotter.} Rd4 30. Rxd4 Qxd4 31. Be2 Kg7 32. Qf3) 29... Qxd2 30. Rxd2 {[%mdl 4096] Endgame KRB-KR} Rf4 31. Kg2 g5 32. Kg3 Kg7 33. Rb2 h6 34. Be2 Ra4 35. Rb7 Rf4 36. Bd3 Rf6 (36... Ra4 $142) 37. Rb4 Kg8 38. f3 Kg7 39. Be2 Kg8 (39... Rg6 $16 40. h4 Kf6) 40. h4 $18 {[%cal Bh3h4,Bh4h5][%mdl 32]} Kg7 41. h5 Kg8 42. Bd3 Kg7 43. Ra4 Kg8 (43... Kf8 $142 44. Bb5 Ke7 45. Ra7+ Kf8 46. Ra8+ Kg7) 44. Kf2 Kg7 (44... Rf4 {was necessary.} 45. Ra7 Rb4) 45. Ke3 Kg8 46. Be2 (46. Ra8+ $1 $18 {is the precise move to win.} Kg7 47. Bc2) 46... Kg7 $2 {[%mdl 8192]} (46... Kf8 $16 {is more resistant.} 47. Bb5 Ke7 48. Ra7+ Kf8 49. Ra8+ Kg7) 47. Rd4 $2 (47. Bd1 Kf8 48. Kd4 Rf4+ 49. Kc5) 47... Kg8 $2 (47... Kf8 {is tougher.} 48. Rb4 Ke7) 48. Kd3 Kf8 49. Kc3 Ke7 50. Ra4 (50. Kb4 $18) 50... Kd6 $16 51. Kd3 Ke7 52. Kc3 (52. Ke3 $16) 52... Kf8 $2 {[%mdl 8192]} (52... Kd6 $1 $11) 53. Kd2 $2 (53. Bd1 $18 {and the rest is easy.} Ke7 54. Kd3) 53... Ke7 54. Ke3 Kf8 55. Bd3 ({White should try} 55. Rb4 $16) 55... Kg7 $2 (55... Kg8 $1 $11 {and Black is okay.}) 56. Bb5 Kf8 57. Be2 $2 {[%mdl 8192]} (57. Rb4 $16) 57... Kg7 $18 58. Kd2 $2 (58. Rb4 Kf8 59. Ra4) 58... Kf8 {[#]} 59. Rb4 ({Better is} 59. Kc3 $1 $18) 59... Kg7 $2 {[%mdl 8192]} (59... Ke7 $16 60. Ke3 Kd6) 60. Kd3 Kf8 61. Kc3 $2 (61. Kd4) 61... Ke7 62. Rb8 Kd6 63. Kd4 Rf4+ 64. Ke3 Ke5 65. Bd3 Rf6 66. Rh8 Kd6 67. Bb5 Ke5 68. Bd3 Kd6 69. Ra8 Rf4 70. Rb8 Ke7 71. Rh8 Rf6 72. Bb5 Kd6 73. Rd8+ Ke7 74. Rh8 Kd6 $1 75. Ba4 Ke7 76. Bc6 Kd6 77. Bb5 (77. Be8 $16) 77... Ke7 (77... Ke5 $11 {keeps the balance.}) 78. Re8+ Kd6 79. Bd3 Kd7 80. Ra8 Rf4 81. Be2 Ke7 82. Rh8 Kf6 {[#]} 83. Bd3 (83. Rh7 $1 $16) 83... Kg7 $11 {The position is equal.} 84. Rb8 (84. Rh7+ {is more complex.} Kg8 85. Rxh6 Rb4 86. Bg6 Rb3+ 87. Ke2) 84... Ra4 85. Rb1 Rf4 86. Ra1 Kf6 87. Bc2 Rc4 88. Ra2 Kg7 89. Bd1 Rf4 90. Ra4 Rf6 $1 91. Be2 {Strongly threatening Bd3.} Kg8 92. Bd3 {aiming for Bc2.} Kf8 93. f4 Rxf4 94. Rxf4 gxf4+ 95. Kxf4 {KB-KP} f6 96. Bh7 Kg7 97. Bg6 f5 98. gxf5 exf5 99. Kxf5 Kh8 {Precision: White = 44%, Black = 55%.} 1/2-1/2

[Event "RUS-ch Rapid Men 2018"]
[Site "Sochi"]
[Date "2018.10.06"]
[Round "11"]
[White "Sychev, Klementy"]
[Black "Apryshko, Gleb"]
[Result "1-0"]
[WhiteElo "2534"]
[BlackElo "2399"]
[Annotator "ChessBase"]
[PlyCount "93"]
[EventDate "2018.10.05"]
[EventType "swiss"]
[EventCountry "RUS"]
[SourceTitle "playchess.com"]
[Source "ChessBase"]
[SourceQuality "1"]
[TimeControl "900+10"]

1. e4 {[%emt 0:00:00]} g6 {[%emt 0:00:00]} 2. d4 {[%emt 0:00:00]} Bg7 {[%emt 0:00:00]} 3. c4 {[%emt 0:00:11]} Nc6 {[%emt 0:00:00]} 4. Ne2 {[%emt 0:01:14]} d6 {[%emt 0:00:10]} 5. Nbc3 {[%emt 0:00:04]} e5 {[%emt 0:00:25]} 6. d5 {[%emt 0:00:27]} Nce7 {[%emt 0:04:20]} 7. Be3 {[%emt 0:00:02]} f5 {[%emt 0:00:01]} 8. f3 Nf6 9. h3 {[%emt 0:01:17]} c6 {[%emt 0:02:52]} 10. g4 {[%emt 0:01:25]} cxd5 {[%emt 0:01:29]} 11. cxd5 {[%emt 0:00:02]} Bd7 {[%emt 0:01:26]} 12. Nc1 {[%emt 0:01:51]} O-O {[%emt 0:01:22]} 13. Bg2 {[%emt 0:01:57]} b5 {[%emt 0:01:00]} 14. a3 {[%emt 0:00:05]} a5 {[%emt 0:00:01]} 15. O-O {[%emt 0:00:22]} b4 {[%emt 0:01:36]} 16. N3e2 {[%emt 0:00:30]} Bb5 {[%emt 0:00:17]} 17. Qd2 {[%emt 0:00:09]} Qd7 {[%emt 0:00:35]} 18. axb4 {[%emt 0:00:30]} axb4 {[%emt 0:00:02]} 19. Nd3 {[%emt 0:00:03]} Bc4 {[%emt 0:01:06]} 20. b3 {[%emt 0:00:41]} Bxb3 {[%emt 0:00:13]} 21. Nxb4 {[%emt 0:00:02]} Rfc8 {[%emt 0:01:05]} 22. Rfb1 Rxa1 {[%emt 0:00:02]} 23. Rxa1 {[%emt 0:01:11]} Bc4 {[%emt 0:00:18]} 24. Ra7 {[%emt 0:00:40]} Rc7 {[%emt 0:00:06]} 25. Rxc7 {[%emt 0:00:24]} Qxc7 {[%emt 0:00:00]} 26. Qc2 {[%emt 0:00:13]} Ne8 {[%emt 0:00:33]} 27. Bf1 {[%emt 0:00:27]} Bb5 {[%emt 0:00:19]} 28. Qxc7 {[%emt 0:00:07]} Nxc7 {[%emt 0:00:01]} 29. Nc3 {[%emt 0:00:02]} Bxf1 {[%emt 0:00:03]} 30. Kxf1 {[%emt 0:00:01]} Nc8 {[%emt 0:00:17]} 31. Ke2 {[%emt 0:01:15]} Kf7 {[%emt 0:00:10]} 32. Kd3 fxg4 {[%emt 0:00:17]} 33. fxg4 {[%emt 0:00:16]} Bf6 34. Kc4 {[%emt 0:00:44]} Ke8 {[%emt 0:00:04]} 35. Nb5 {[%emt 0:00:50]} Kd7 {[%emt 0:00:06]} 36. Nc6 {[%emt 0:01:08]} Bh4 {[%emt 0:00:24]} 37. Nxc7 {[%emt 0:02:29]} Kxc7 {[%emt 0:00:00]} 38. Kb5 Kb7 39. Bd2 {[%emt 0:00:36]} Nb6 {[%emt 0:00:09]} 40. Ba5 {[%emt 0:00:05]} Nc8 {[%emt 0:00:17]} 41. Bd8 {[%emt 0:00:08]} Bf2 {[%emt 0:00:24]} 42. Na5+ {[%emt 0:00:04]} Kb8 {[%emt 0:00:09]} 43. Kc6 {[%emt 0:00:02]} Bc5 {[%emt 0:00:17]} 44. Bc7+ {[%emt 0:00:08]} Ka7 {[%emt 0:00:09]} 45. Nc4 {[%emt 0:00:01]} Ne7+ {[%emt 0:00:06]} 46. Kd7 {[%emt 0:00:01]} Kb7 {[%emt 0:00:18]} 47. Bxd6 {[%emt 0:00:14]} 1-0